Peter and the North wind / (Record no. 103739)
[ view plain ]
| 000 -LEADER | |
|---|---|
| fixed length control field | 00553nam a2200169 a 4500 |
| 005 - DATE AND TIME OF LATEST TRANSACTION | |
| control field | 20140412111307.0 |
| 008 - FIXED-LENGTH DATA ELEMENTS--GENERAL INFORMATION | |
| fixed length control field | 010430s19uu xx 00 eng d |
| 020 ## - INTERNATIONAL STANDARD BOOK NUMBER | |
| International Standard Book Number | 0-590-40629-9 |
| 050 ## - LIBRARY OF CONGRESS CALL NUMBER | |
| Classification number | TR(PS E |
| Item number | Pe44 1971 |
| 100 ## - MAIN ENTRY--PERSONAL NAME | |
| Personal name | Littledale, Freya |
| 245 ## - TITLE STATEMENT | |
| Title | Peter and the North wind / |
| Statement of responsibility, etc | retold by Freya Littledale ; illustrated by Troy Howell. |
| 260 ## - PUBLICATION, DISTRIBUTION, ETC. (IMPRINT) | |
| Place of publication, distribution, etc | New York : |
| Name of publisher, distributor, etc | Scholastic Inc, |
| Date of publication, distribution, etc | 1971. |
| 300 ## - PHYSICAL DESCRIPTION | |
| Extent | 32p. ; ill. |
| 500 ## - GENERAL NOTE | |
| General note | retold from the Norse tale The Lad Who Went to the North Wind |
| 650 ## - SUBJECT ADDED ENTRY--TOPICAL TERM | |
| Topical term or geographic name as entry element | Children's stories |
| Withdrawn status | Lost status | Damaged status | Home library | Current library | Shelving location | Date acquired | Source of acquisition | Total Checkouts | Full call number | Barcode | Date last seen | Price effective from | Koha item type |
|---|---|---|---|---|---|---|---|---|---|---|---|---|---|
| Elizalde Library | Elizalde Library | Teachers Reference Section | 04/30/2001 | TR(PS E Pe44 1971 | E5801 | 04/12/2014 | 04/12/2014 | Books |